000 00501nam a22001937a 4500
003 LK-CoDNM
005 20241219130507.0
008 241219b |||||||| |||| 00| 0 eng d
040 _aLK-CoDNM
_dLK-CoDNM
_eLK-CoDNM
041 _aeng
080 _a2
_bH3
100 _aHenry Adams, F.L.S.
245 _aThe Genera Of Recent Mollusca ;
250 _aAccording to Their Organization
260 _aLondon
_bPaternoster Row
300 _axl, 484p. : 21 cm
650 _aScience
942 _cBK
999 _c233662
_d233662